| 000 | 00719nam a22002057a 4500 | ||
|---|---|---|---|
| 999 |
_c14276 _d14276 |
||
| 003 | AR-CdUCM | ||
| 008 | 190422b ||||| |||| 00| 0 spa d | ||
| 040 |
_aMUNICIPALIDAD PROVINCIAL DEL CUSCO _cBIBLIOTECA MUNICIPAL DEL CUSCO |
||
| 082 |
_aC / 270 / _bH76 |
||
| 110 |
_aDiario de corte moderno, ágil e informativo _932992 |
||
| 245 | _aUltima hora / | ||
| 260 |
_aCusco : _bPeruana. |
||
| 300 |
_a8 páginas ; _c16 cm. |
||
| 505 | _aContenido : Ultima hora -- Organización de la corresponsalia -- Noticias periodísticas -- Diferencia entre noticia y crónica .., | ||
| 650 |
_aNoticia _932993 |
||
| 650 |
_aCrónica _9637 |
||
| 650 |
_aInformación _923515 |
||
| 942 |
_2ddc _cFOLLETOS |
||
| 945 |
_arah _d22/04/2019 |
||